Rationalisation of the durbar move: A step towards good governance in Jammu and Kashmir (Record no. 525611)

000 -LEADER
fixed length control field 01362nam a22001457a 4500
008 - FIXED-LENGTH DATA ELEMENTS--GENERAL INFORMATION
fixed length control field 240328b ||||| |||| 00| 0 eng d
100 ## - MAIN ENTRY--PERSONAL NAME
Personal name Wani, Aijaz Ashraf and Parray, Janan Ahmad
245 ## - TITLE STATEMENT
Title Rationalisation of the durbar move: A step towards good governance in Jammu and Kashmir
260 ## - PUBLICATION, DISTRIBUTION, ETC. (IMPRINT)
Place of publication, distribution, etc Indian Journal of Public Administration
300 ## - PHYSICAL DESCRIPTION
Extent 70(1), Mar, 2024: p.140-157
520 ## - SUMMARY, ETC.
Summary, etc Digitisation of records and the subsequent implementation of e-Office1 software in various Durbar Move2 offices of the Union Territory (UT) of Jammu and Kashmir (J&K) has changed the concept and nature of governance significantly. With the implementation of e-Office software in various departments of the Civil Secretariat, there has been a significant impact on the governance efficiency and service delivery in the UT. The present paper attempts to understand, examine, and analyse the impact of e-Office software on the delivery of governance services in J&K. It is an endeavour to understand how the new system of e-Office enables the administrative apparatus and enables the governance to be more responsive, accountable, transparent, and citizen-friendly. – Reproduced

https://journals.sagepub.com/doi/full/10.1177/00195561231204609
773 ## - HOST ITEM ENTRY
Main entry heading Indian Journal of Public Administration
906 ## - LOCAL DATA ELEMENT F, LDF (RLIN)
Subject DIP PUBLIC ADMINISTRATION
942 ## - ADDED ENTRY ELEMENTS (KOHA)
Item type Articles
Holdings
Withdrawn status Lost status Source of classification or shelving scheme Damaged status Not for loan Permanent location Current location Date acquired Serial Enumeration / chronology Barcode Date last seen Koha item type
          Indian Institute of Public Administration Indian Institute of Public Administration 2024-03-28 70(1), Mar, 2024: p.140-157 AR131407 2024-03-28 Articles

Powered by Koha